000 00421 a2200109 4500
001 ART_41049
005 20260410162017.0
008 260409a
245 1 0 _aEl régimen de internaciones de niñas, niños y adolescentes en el Código Civil y Comercial de la Nación
100 1 _aOlmo, Juan P.
773 0 _tTemas de derecho de familia, sucesiones y bioética
_g- Año 1, Nº 11 (nov. 2016)
_wREV41029
999 _c32785
_d32785